Studia Universitatis Babes-Bolyai Oeconomica
Guardado en:
| Formato: | Seriadas |
|---|---|
| Lenguaje: | rumano |
| Publicado: |
Cluj-Napoca
Universitatea "Babes-Bolyai"
1994
|
| Materias: | |
| Etiquetas: |
Sin Etiquetas, Sea el primero en etiquetar este registro!
|
MARC
| LEADER | 00000nas2a2200000 4500 | ||
|---|---|---|---|
| 001 | s018177 | ||
| 005 | 20071019144646.2 | ||
| 041 | 0 | |a rum | |
| 044 | |a RO | ||
| 245 | 1 | 0 | |a Studia Universitatis Babes-Bolyai |b Oeconomica |
| 264 | 1 | |a Cluj-Napoca |b Universitatea "Babes-Bolyai" |c 1994 | |
| 300 | |a 1 zv. | ||
| 773 | 0 | |w eu_un_cat*s120823 | |
| 610 | 2 | 0 | |a ekonómia |